00783 2200277 4500001002100000005001700021008004100038020002200079035002500101040001200126082001500138084001900153100001300172245010900185250001100294260002800305300003800333500001100371504002600382650001400408700001700422850001200439990001800451990001800469990001800487INLIS00000000000762120150807094433.0  a978-602-241-530-5 a0010-071500000000304 aYOPDYOG 223a658.15 aQ 658.15 Rud A aRUDIANTO aAkuntansi manajemenb: Informasi untuk pengambilan keputusan strategisc/ Rudianto; Editor, Suryadi Saat aCet. 2 aJakartabErlanggac2014 aviii, 278 hlm.b: ilus.c; 26 cm. aIndeks aBibliografi: hlm. 276 aAkuntansi aSURYADI Saat aYOPDYOG a18867-PD/B.15 a18868-PD/B.15 a18869-PD/B.15